Historia universal siglo veintiuno
Saved in:
| Format: | Bog |
|---|---|
| Sprog: | spansk |
| Udgivet: |
Ciudad de México
Siglo XXI
1983
|
| Udgivelse: | 15a. ed |
| Fag: | |
| Tags: |
Tilføj Tag
Ingen Tags, Vær først til at tagge denne postø!
|
MARC
| LEADER | 00000nam a2200000 a 4500 | ||
|---|---|---|---|
| 001 | UCL3632 | ||
| 003 | CL-VaPUC | ||
| 008 | 031205e19830000MX |||||||||||||||||spa|d | ||
| 020 | |a 8432300055 | ||
| 020 | |a 8432301183 | ||
| 082 | 0 | 4 | |a 909 |b HIS |2 21 |
| 245 | 1 | 0 | |a Historia universal siglo veintiuno |
| 250 | |a 15a. ed | ||
| 300 | |a v | ||
| 942 | |c BK | ||
| 945 | |d 20031205 00:00:00 |a vberengu | ||
| 260 | |a Ciudad de México |b Siglo XXI |c 1983 | ||
| 500 | |a v.12: Edad Media tardía | ||
| 500 | |a Renacimiento | ||
| 500 | |a Reforma | ||
| 650 | 0 | |a Población |9 257577 | |
| 650 | 0 | |a Inmigrantes |9 317882 | |
| 650 | 0 | |a Iglesia |9 255004 | |
| 650 | 0 | |a Estado |9 255503 | |
| 650 | 0 | |a Política económica |9 255029 | |
| 650 | 0 | |a Religión |9 255164 | |
| 583 | |a last modification |c 20031205 00:00:00 |k Rodrigo Vera | ||
| 999 | |c 306649 |d 306647 | ||
| 952 | |0 0 |1 0 |4 0 |6 909_000000000000000_HIS_1983 |7 0 |8 A |9 371817 |a BIBTEO |b BIBTEO |d 2019-11-21 |h v.12 |i 2096544 |o 909 HIS 1983 |p 2096544 |r 2025-01-17 |w 2019-11-21 |y BK |k ICR | ||